LEADER 01092nam--2200361---450- 001 990000354260203316 035 $a0035426 035 $aUSA010035426 035 $a(ALEPH)000035426USA01 035 $a0035426 100 $a20010309d1976----km-y0itay0103----ba 101 $aeng 102 $aUS 105 $a||||||||001yy 200 1 $aNonlinear programming$eanalysis and methods$fMordecai 210 $aEnglewood Cliffs$cPrentice Hall$dc1976 215 $aXV, 512 p.$cgraf.$d23 cm 225 2 $aPrentice-Hall series in automatic computation 410 $12001$aPrentice-Hall series in automatic computation 461 1$1001-------$12001 610 0 $aProgrammazione non lineare 676 $a15237 700 1$aAVRIEL,$bMordecai$014366 801 0$aIT$bsalbc$gISBD 912 $a990000354260203316 951 $a001.6 SAC 11$b15237$c001.6$d00105278 959 $aBK 969 $aSCI 979 $aPATTY$b90$c20010309$lUSA01$h1249 979 $c20020403$lUSA01$h1643 979 $aPATRY$b90$c20040406$lUSA01$h1625 996 $aNonlinear programming$9876356 997 $aUNISA